000
00366cam a2200169ua 4500
020
_c
Rs. 1.50
041
_a
mal
_h
082
_a
894.8127
_b
KOV/PA
100
_a
Kovoor, E K .
245
_a
Parithoshikam
260
_a
Calicut :
_b
K.R Brothers ,
_c
1958.
300
_a
158 ; .
365
_a
Rs. 1.50
504
_a
942
_c
BK
999
_c
438
_d
438